000 01368cad a2200277 4500
001 L158726
008 100215n2013 000 0 eng u
020 _a9781783210305
035 _a(Sirsi) u158726
041 _aeng
100 1 _aSyed, Nihas
111 2 _aConstruction and Building Research Conference
_cIIT Delhi, New Delhi
_d10-12 September 2013
245 0 0 _aConstruction industry structure in India
_h[electronic resource]
260 _aLondon
_bRICS
_c2013
490 0 _aCOBRA
_v2013
520 _aA paper presented at the COBRA Conference in New Delhi on 10-12 September 2013. Looks at the economic concerns and inefficiencies in the Indian construction industry and investigates a model that both explains this industry's structure as well as providing a framework to improve efficiency. The Best Value (BV) model is examined as an approach to be adopted in lieu of the traditional approach. This could result in efficient construction projects by minimizing cost overruns and delays, which until now have been a rarity.
650 2 4 _aCONSTRUCTION AND BUILDING RESEARCH CONFERENCE (COBRA)
650 2 4 _aBEST VALUE
650 2 4 _aPERFORMANCE
650 2 4 _aCONSTRUCTION INDUSTRY EFFICIENCY INITIATIVES
651 4 _aIndia
690 _aProject management
_96261
700 1 _aBarlish, Kristen C.
700 1 _aKashiwagi, Dean T.
942 _n0
999 _c115479
_d115479